000 00344nam a2200133Ia 4500
005 20260328101447.0
008 260328s9999||||xx |||||||||||||| ||und||
100 _aRicard, André
245 0 _aConversando con Estudiantes de Diseño /
_cAndré Ricard
260 _bGustavo Gili
300 _a159 p.
650 _aDISEÑO INDUSTRIAL
942 _cBK
999 _c8506
_d8506